Conflictos del alma infantil
Αποθηκεύτηκε σε:
| Κύριος συγγραφέας: | |
|---|---|
| Μορφή: | Βιβλίο |
| Γλώσσα: | Ισπανικά |
| Έκδοση: |
Buenos Aires
Paidós
1956
|
| Σειρά: | Biblioteca del hombre contemporáneo, 1
|
| Θέματα: | |
| Ετικέτες: |
Προσθήκη ετικέτας
Δεν υπάρχουν, Καταχωρήστε ετικέτα πρώτοι!
|
MARC
| LEADER | 00000nam a2200000 a 4500 | ||
|---|---|---|---|
| 001 | UCY5652 | ||
| 003 | CL-VaPUC | ||
| 008 | 950512e19560716AG |||||||||||||||||spa|d | ||
| 082 | 0 | 4 | |a 155.4 |b JUN |2 21 |
| 100 | |a Jung, Carl Gustav |e autor |9 311444 | ||
| 245 | 1 | 0 | |a Conflictos del alma infantil |
| 300 | |a 127 p | ||
| 942 | |c BK | ||
| 945 | |d 19950512 00:00:00 |a mfernand | ||
| 260 | |a Buenos Aires |b Paidós |c 1956 | ||
| 650 | 0 | |a Psicología del niño |9 307305 | |
| 650 | 7 | |a RELACIONES PADRES-HIJOS |2 CL-VaPUC |9 308185 | |
| 650 | 7 | |a PSICOLOGIA AFECTIVA |2 CL-VaPUC |9 334683 | |
| 650 | 0 | |a Desarrollo afectivo |9 334359 | |
| 650 | 0 | |a Psicología del desarrollo |9 307541 | |
| 650 | 0 | |a Psicoanálisis |9 265702 | |
| 650 | 0 | |a Niños |9 255605 | |
| 583 | |a last modification |c 19950512 00:00:00 |k Rodrigo Vera | ||
| 490 | 0 | |a Biblioteca del hombre contemporáneo, 1 | |
| 999 | |c 233284 |d 233282 | ||
| 952 | |0 0 |1 0 |4 0 |6 155_400000000000000_JUN_1956 |7 0 |8 P |9 238699 |a BIBEDU |b BIBEDU |c BIBEDU_PB |d 2019-11-18 |i 1503561 |o 155.4 JUN 1956 |p 1503561 |r 2024-01-25 |w 2019-11-18 |y BK |k EDU | ||
| 952 | |0 0 |1 0 |4 0 |6 155_400000000000000_JUN_1956 |7 0 |8 P |9 238700 |a BIBEDU |b BIBEDU |c BIBEDU_PB |d 2019-11-18 |i 150357K |o 155.4 JUN 1956 |p 150357K |r 2024-01-25 |w 2019-11-18 |y BK |k EDU | ||